000 00837nas a2200277 4500
001 BR0205263
003 BR-BrBNA
005 20231205103325.0
007 ta
008 230509b bl.|||p| |||| 00| 00por d
040 _aBR-BrBNA
_bpor
_cBiblioteca Nacional de Agricultura
041 _a(Pt)
072 _aL10
100 1 _aFaria, F.J.C.
100 1 _aVercesi Filho, A.E.
100 1 _aMadalena, F.E.
100 1 _aJosahkian, L.A.
245 1 _aParâmetros populacionais do rebanho Sindi registrado no Brasil
650 _aGADO SINDI
650 _aREGISTRO GENEALÓGICO
650 _aREBANHO
650 _aESTATÍSTICA
773 0 _tRevista Brasileira de Zootecnia (Brazil)
_xISSN 1516-3598
_g(Nov-Dec 2001), v. 30(6)Suplemento p. 1989-1994
_wBR0205263
909 _a202311
_bLúcia
_c55
_dLúcia Elande
942 _2AGRIS
_n0
_cANA
999 _c172273
_d172273